000 00634nam a2200241Ia 4500
003 OSt
005 20220918191225.0
006 a|||||r|||| 00| 0
007 ta
008 220917b |||||||| |||| 00| 0 eng d
024 _a62,093
037 _cTextual
040 _aARTS
_cARTS
_beng
041 _2eng
_aeng
082 _aQ6:5.2, N4
100 _aShourie Arun
_926997
245 0 _aMissionaries in India
_b continities changes
260 _aNew Delhi
_bASA Publication India
_c1994
300 _a305p.
_ccm.
650 _aRELIGION
942 _hQ6:5.2, N4
_cTEXL
_2CC
999 _c188815
_d188815